000 00246nam a2200085Ia 4500
008 170620s9999 xx 000 0 und d
100 _aRao- Digumarti Bhaskara
245 0 _aJob Satisfaction of School teachers
260 _bNew Delhi- Discovery Publishing House
260 _c2003
999 _c24410
_d24410